Yeni Hedefler... Yeni Türkiye... (Record no. 3852)

MARC details
000 -BAŞLIK
Sabit Uzunlukta Kontrol Alanı 01643na a2200433 4500
001 - KONTROL NUMARASI
Denetim Alanı 19315
003 - KONTROL NUMARASI IDENTIFIER
Denetim Alanı MIRAKIL
005 - SON İŞLEM TARİHİ VE ZAMANI
Denetim Alanı 20181213154945.0
008 - SABİT-BOY VERİ ELEMANLARI - GENEL BİLGİLER
Sabit Uzunlukta Kontrol Alanı 161213b tu 000 0
035 ## - SİSTEM KONTROL NUMARASI
Sistem Kontrol Numarası 19315
040 ## - KATALOGLAMA KAYNAK
Orijinal Kataloglama Ajansı Milas
Kataloglama Dili tur
Metne Dönüştürmek Ajansı TR-AnCHP
041 ## - DİL KODU
Metin / Ses Parça Veya Ayrı Başlığın Dil Kodu tur
082 ## - DEWEY ONLU SINIFLANDIRMA NUMARASI
Sınıflandırma Numarası CHP 320.5315
Ürün Numarası B29y 1994
090 ## - SINIFLAMA NUMARASI
Sınıflama Numarası BROŞÜR 26
100 ## - ANA GİRİŞ - KİŞİSEL İSİM
Kişisel Ad Baykal, Deniz
240 ## - ÜNİFORM BAŞLIK
Üniforma Başlık <a href="Yeni Hedefler... Yeni Türkiye...">Yeni Hedefler... Yeni Türkiye...</a>
245 ## - BAŞLIK TABLOSU
Başlık Yeni Hedefler... Yeni Türkiye...
Başlığın Kalan Çıkış yolu sosyal demokrasidir CHP'dir.
Sorumluluk Tablosu, Vb [Deniz Baykal]
246 ## - UNVAN FORM VARYING
Başlık Doğru / Kısa Başlığı Çıkış yolu sosyal demokrasidir CHP'dir.
260 ## - YAYIN, DAĞITIM, VB
Yayın, Dağıtım, Vb Yeri Ankara
Yayıncı, Dağıtıcı, Vs Adı CHP
Yayın, Dağıtım, Vb Tarihi 1994
300 ## - FİZİKSEL TANIM
Kapsam 28 s.
Boyutlar 19 sm.
490 ## - SERİSİ TABLOSU
Seri Beyanı Cumhuriyet Halk Partisi yayınları
500 ## - GENEL NOT
Genel Not 3 kopya.
500 ## - GENEL NOT
Genel Not Dış kapakta başka yapıt adı: CHP : Değişimin gücü
500 ## - GENEL NOT
Genel Not Cumhuriyet Halk Partisi Genel Başkanı Deniz Baykal'ın basın toplantısı : (8 Eylül 1994)
600 ## - KONU KATMA GİRİŞ - KURUMSAL ADI
Kişisel Ad Baykal, Deniz
Genel Alt Bölümü Konuşmalar,1994
Kronolojik Alt Bölümü Sosyal demokrasi
600 ## - KONU KATMA GİRİŞ - KURUMSAL ADI
Kişisel Ad Baykal, Deniz
Genel Alt Bölümü Seçim kampanyaları, 1994
Kronolojik Alt Bölümü Sosyal demokrasi
610 ## - KONU KATMA GİRİŞ - TOPLANTI ADI
Giriş Elemanı Olarak Kurumsal Ad Veya Yargı Alanı Adı CHP
Genel Alt Bölüm Seçim kampanyaları, 1994
Kronolojik Alt Bölüm Sosyal demokrasi
610 ## - KONU KATMA GİRİŞ - TOPLANTI ADI
Giriş Elemanı Olarak Kurumsal Ad Veya Yargı Alanı Adı CHP
Genel Alt Bölüm Siyaset ve yönetim
Kronolojik Alt Bölüm Baykal dönemi
650 ## - KONU KATMA GİRİŞ - TOPİKAL DÖNEM
Topikal Süreli Veya Coğrafi Ad Giriş Elemanı CHP
Genel Alt Bölümü Sosyal demokrasi
Kronolojik Alt Bölümü Çözüm önerileri
710 ## - KATMA GİRİŞ - KURUMSAL ADI
Giriş Elemanı Olarak Kurumsal Ad Veya Yargı Alanı Adı CHP
740 ## - KATMA GİRİŞ - KONTROLSUZ İLGİLİ / ANALİTİK BAŞLIK
Kontrol Edilmeyen / İlgili Analitik Başlıktaki Cumhuriyet Halk Partisi Genel Başkanı Deniz Baykal'ın basın toplantısı : (8 Eylül 1994)
740 ## - KATMA GİRİŞ - KONTROLSUZ İLGİLİ / ANALİTİK BAŞLIK
Kontrol Edilmeyen / İlgili Analitik Başlıktaki CHP : Değişimin gücü
740 ## - KATMA GİRİŞ - KONTROLSUZ İLGİLİ / ANALİTİK BAŞLIK
Kontrol Edilmeyen / İlgili Analitik Başlıktaki Çıkış yolu sosyal demokrasidir CHP'dir.
830 ## - SERİSİ EKLENDİ GİRİŞ - ÜNİFORM ADI
Üniforma Başlık CHP yayınları
942 ## - EKLENDİ GİRİŞ ELEMANLARI (KOHA)
Sınıflandırma Veya Raf Düzeni Kaynak
Koha Öğesi Türü Books
999 ## - SİSTEM KONTROL NUMARALARI (KOHA)
Koha Biblionumber 3852
Koha Biblioitemnumber 3852
657 ## - INDEX SÜRE - İŞLEVİ
-- Yeni hedefler yeni Türkiye kampanyası
657 ## - INDEX SÜRE - İŞLEVİ
-- Deniz Baykalın konuşmaları
Holdings
Kullanım Kısıtlamaları Kalıcı Konum Mevcut Konum Edinme Tarihi Edinim Kaynak Kodlu Konum Eleme Toplam Check-Out'Lar Tam Çağrı Numarası Barkod Tarih Son Görülme Kopya Sayısı İtibaren Geçerli Fiyatlar Koha Öğesi Türü
Kütüphane dışına çıkarılamaz CHP Kütüphanesi CHP Kütüphanesi 12/13/2016 Bağış BROŞÜRLER   BROŞÜR 26 011093 12/13/2016 k.3 12/13/2016 Books